000 01041nam a2200301 a 4500
001 000024752
005 20200930023340.0
008 110203s1991 mx a r 000 | spa d
020 _z968163570
040 _aDO-SdBNP
_bspa
_cBNPHU
041 1 7 _aeng
_hspa
_aCódigo de idioma MARC
082 _a338.91
_bC733d
110 2 _aComisión del Sur.
_950784
240 0 0 _aChallenge to the South.
_lEspañol
245 1 0 _aDesafío para el Sur /
_cComisión del Sur.
260 _aMéxico, D, F. :
_bFondo de Cultura Económica,
_c1991.
300 _a335 p. :
_bil. ;
_c21 cm.
490 1 _aEcomomía contemporánea
500 _aIncluye índice analítico y gráficos
500 _aIncluye anexos
504 _aIncluye referencias bibliográficas
534 _aTítulo original
_tChallenge to the South.
650 4 _aDesarrollo y crecimiento económico
_950785
650 4 _aPaises en desarrollo
_xPolítica económica
_948484
650 4 _aPlanificación económica
_96641
830 0 _aEcomomía contemporánea
_950786
049 _aBNGR
999 _c24245
_d24245